Economic growth in the West : Comparative experience in Europe and North America: A twentieth century fund study
Đã lưu trong:
| 主要作者: | |
|---|---|
| 格式: | 图书 |
| 语言: | Undetermined |
| 出版: |
New York
The Twentieth Century Fund
1964
|
| 主题: | |
| 标签: |
添加标签
没有标签, 成为第一个标记此记录!
|
| Thư viện lưu trữ: | Trung tâm Học liệu Trường Đại học Cần Thơ |
|---|
| LEADER | 00581nam a2200193Ia 4500 | ||
|---|---|---|---|
| 001 | CTU_79512 | ||
| 008 | 210402s9999 xx 000 0 und d | ||
| 082 | |a 330.904 | ||
| 082 | |b M179 | ||
| 100 | |a Maddison, Angus | ||
| 245 | 0 | |a Economic growth in the West : | |
| 245 | 0 | |b Comparative experience in Europe and North America: A twentieth century fund study | |
| 245 | 0 | |c Angus Maddison | |
| 260 | |a New York | ||
| 260 | |b The Twentieth Century Fund | ||
| 260 | |c 1964 | ||
| 650 | |a Economic history | ||
| 650 | |y 1945- | ||
| 980 | |a Trung tâm Học liệu Trường Đại học Cần Thơ | ||